| 000 | 01538nam a2200409Ii 4500 | ||
|---|---|---|---|
| 001 | DIGCECAL0005 | ||
| 003 | NyNyDIG | ||
| 006 | m o d | ||
| 007 | cr ||||||||||| | ||
| 008 | 130701s2012 sp o 000 0 spa d | ||
| 020 | _z9780985279028 | ||
| 020 | _z0985279028 | ||
| 035 | _a(OCoLC)888261691 | ||
| 040 |
_aDGITA _beng _epn _cDGITA |
||
| 041 | 1 |
_aspa _hfry |
|
| 050 | 1 | 4 | _aPF1531.H48 eBook |
| 100 | 1 |
_aHettinga, Tsjêbbe, _d1949-2013. _q(Tsjebbe O.) |
|
| 240 | 1 | 0 |
_aFan oer see en fierder _lSpanish |
| 245 | 1 | 3 |
_aLa luz del mar : _bseguido de Santa María del mar : poemas / _cTsjebbe Hettinga ; traducidos del frisón por Diego Puls. |
| 246 | 1 | 0 | _aSanta María del mar. |
| 264 | 1 |
_aBarcelona : _bPaso de Barca : _bCentro de Estudios Contemporáneos sobre América Latina (CECAL), _c2012. |
|
| 300 | _a1 online resource (55 pages) | ||
| 336 |
_atext _btxt _2rdacontent |
||
| 337 |
_acomputer _bc _2rdamedia |
||
| 338 |
_aonline resource _bcr _2rdacarrier |
||
| 490 | 1 |
_aColección Poetas del mundo ; _v2. |
|
| 546 | _aPoems in Spanish, translated from Frisian. | ||
| 650 | 0 |
_aSpanish American poetry _xWomen authors _xHistory and criticism |
|
| 655 | 0 | _aElectronic books. | |
| 700 | 1 |
_aPuls, Diego. _q(Diego J.) |
|
| 791 | 2 |
_aDigitalia (Firm), _edistributor. |
|
| 830 | 0 |
_aColección Poetas del mundo ; _v2 |
|
| 793 | 0 |
_gDigitalia eBook Collection: _aCECAL |
|
| 856 | 4 | 0 |
_3Digitalia Hispánica _uhttps://www.digitaliapublishing.com/a/18561/ |
| 910 | _aPremium Collection: 2007-2012 | ||
| 942 | _cRAA | ||
| 999 |
_c235911 _d235911 |
||